000 00294nam a2200121 a 4500
008 110104s1982|||| d
100 1 _aLenin, V. I.
245 1 0 _aZobrané spisy 16
_bJún 1907 - marec 1908
260 _bPravda
_aBratislava
_c1982
044 _aSk
041 _aslo
020 _c17
999 _c15437
_d15437